|
|
|
|
| LEADER |
00000nam a2200000Ia 4500 |
| 001 |
ELB142613 |
| 003 |
FINmELB |
| 005 |
20201022193357.0 |
| 006 |
m o d | |
| 007 |
cr cn||||||||| |
| 008 |
061018s2006 enka sb 001 0 eng d |
| 020 |
|
|
|z 9781855753792
|
| 020 |
|
|
|z 1855753790
|
| 035 |
|
|
|a (OCoLC)70119965
|
| 040 |
|
|
|a FINmELB
|c FINmELB
|d FINmELB
|
| 050 |
|
4 |
|a BF175.4.C84
|b G6513 2006
|
| 082 |
0 |
4 |
|a 150.19/5
|2 22
|
| 100 |
1 |
|
|a Golan, Ruth.
|
| 240 |
1 |
0 |
|a Ahavat ha-psikhoʼanalizah.
|l English
|
| 245 |
1 |
0 |
|a Loving psychoanalysis :
|b looking at culture with Freud and Lacan /
|c Ruth Golan ; [translated by Jonathan Martin].
|
| 260 |
|
|
|a London ;
|a New York :
|b Karnac,
|c 2006.
|
| 300 |
|
|
|a xvi, 238 p. :
|b ill.
|
| 504 |
|
|
|a Includes bibliographical references (p. 227-232) and index.
|
| 588 |
|
|
|a Description based on metadata supplied by the publisher and other sources.
|
| 590 |
|
|
|a Electronic reproduction. Santa Fe, Arg.: elibro, 2020. Available via World Wide Web. Access may be limited to eLibro affiliated libraries.
|
| 600 |
1 |
0 |
|a Freud, Sigmund,
|d 1856-1939.
|
| 600 |
1 |
0 |
|a Lacan, Jacques,
|d 1901-1981.
|
| 650 |
|
0 |
|a Psychoanalysis and culture.
|
| 655 |
|
4 |
|a Electronic books.
|
| 797 |
2 |
|
|a elibro, Corp.
|
| 856 |
4 |
0 |
|u https://elibro.uam.elogim.com/ereader/bidiuam/142613
|z Texto completo
|
| 950 |
|
|
|a eLibro English
|